Macintosh Graphics and Sound (Record no. 180030)
[ view plain ]
| 000 -LEADER | |
|---|---|
| fixed length control field | 00797 a2200181 4500 |
| 003 - CONTROL NUMBER IDENTIFIER | |
| control field | Nust |
| 005 - DATE AND TIME OF LATEST TRANSACTION | |
| control field | 20221028092212.0 |
| 020 ## - INTERNATIONAL STANDARD BOOK NUMBER | |
| International Standard Book Number | 0078811775 |
| 040 ## - CATALOGING SOURCE | |
| Transcribing agency | Nust |
| 082 ## - DEWEY DECIMAL CLASSIFICATION NUMBER | |
| Classification number | 006.6,KAT |
| 100 ## - MAIN ENTRY--PERSONAL NAME | |
| Personal name | Kater ,David A |
| 9 (RLIN) | 101592 |
| 245 ## - TITLE STATEMENT | |
| Title | Macintosh Graphics and Sound |
| Remainder of title | Programming in Microsoft Basic / |
| Statement of responsibility, etc. | David A Kater |
| 260 ## - PUBLICATION, DISTRIBUTION, ETC. | |
| Place of publication, distribution, etc. | calfornia |
| Name of publisher, distributor, etc. | McGraw Hill |
| Date of publication, distribution, etc. | 1986: |
| 300 ## - PHYSICAL DESCRIPTION | |
| Extent | 276:P |
| 505 ## - FORMATTED CONTENTS NOTE | |
| Formatted contents note | Macintosh Graphics (Page-1), Printing and Plotting (Page-13), Drawing Basic Shapes and Patterns (Page-51), Interactive Graphics (Page-93), Sound (Page-137), Transferring Images (Page-167), Animation Techniques (Page-199), Manipulating Displays and Viewing Objects (Page-223), Designing Efficient Programs (Page-259). |
| 650 ## - SUBJECT ADDED ENTRY--TOPICAL TERM | |
| Topical term or geographic name entry element | Programming in Microsoft |
| 9 (RLIN) | 101593 |
| 942 ## - ADDED ENTRY ELEMENTS (KOHA) | |
| Source of classification or shelving scheme | |
| Koha item type | Book |
| Call number prefix | 006.6,KAT |
| Withdrawn status | Lost status | Source of classification or shelving scheme | Damaged status | Not for loan | Permanent Location | Current Location | Shelving location | Date acquired | Full call number | Barcode | Date last seen | Price effective from | Koha item type | Public note |
|---|---|---|---|---|---|---|---|---|---|---|---|---|---|---|
| Military College of Signals (MCS) | Military College of Signals (MCS) | General Stacks | 12/12/2016 | 006.6,KAT | MCS1801 | 12/08/2016 | 12/12/2016 | Book | Almirah No.7, Shelf No.5 | |||||
| Military College of Signals (MCS) | Military College of Signals (MCS) | General Stacks | 12/12/2016 | 006.6,KAT | MCS1802 | 12/08/2016 | 12/12/2016 | Book Bank | Almirah No.135, Shelf No.5 |
